[Event "Ïåðâåíñòâî Ìîñêâû "]
[Site "ÐœÐ¾Ñ�ÐºÐ²Ð°, ÐœÐ“Ð˜ÐœÐž Ð¿Ñ€."]
[Date "2018.11.24"]
[Round "8.17"]
[White "Zaitsev, Yuriy"]
[Black "Kireev, Igor"]
[Result "0-1"]
[WhiteElo "1544"]
[BlackElo "1675"]
[PlyCount "132"]
[EventDate "2018.11.18"]

1. e4 e5 2. Nf3 Nc6 3. d4 exd4 4. Nxd4 Bc5 5. Be3 Bb6 6. Bc4 Nf6 7. Nxc6 bxc6
8. Bxb6 axb6 9. Nd2 O-O 10. O-O Nxe4 11. Nxe4 d5 12. Bd3 dxe4 13. Bxe4 Bb7 14.
Qf3 Qd6 15. Rfd1 Qe6 16. Qd3 g6 17. a3 Rfe8 18. Bf3 Ba6 19. Qc3 Bb7 20. Re1 Qd6
21. Red1 Qe5 22. Qxe5 Rxe5 23. Rd7 Rae8 24. h3 R8e7 25. Rad1 Kg7 26. Kh2 Bc8
27. Rxe7 Rxe7 28. Rd2 c5 29. a4 Bf5 30. Bc6 Kf6 31. f3 Re1 32. Bd7 Be6 33. Bxe6
Kxe6 34. Kg3 Ra1 35. b3 Ra2 36. Kf2 c4 37. Ke2 c3 38. Rd3 Rxc2+ 39. Kd1 Rxg2
40. Rxc3 c5 41. b4 cxb4 42. Rc6+ Kd7 43. Rxb6 Rg3 44. Rxb4 Rxf3 45. h4 h5 46.
a5 Ra3 47. Rb7+ Ke6 48. Rb6+ Kf5 49. a6 Kg4 50. Kc2 Kxh4 51. Kb2 Ra5 52. Kb3
Kg5 53. Kb4 Ra1 54. Rb5+ Kg4 55. Ra5 Rb1+ 56. Kc5 Rb8 57. a7 Ra8 58. Kc6 f5 59.
Kb7 Rxa7+ 60. Rxa7 f4 61. Kc6 f3 62. Rf7 h4 63. Kd5 h3 64. Ke4 h2 65. Rg7 h1=Q
66. Rxg6+ Kh5 0-1

[Event "Ïåðâåíñòâî Ìîñêâû "]
[Site "ÐœÐ¾Ñ�ÐºÐ²Ð°, ÐœÐ“Ð˜ÐœÐž Ð¿Ñ€."]
[Date "2018.11.24"]
[Round "8.18"]
[White "Zurabian, Vage"]
[Black "Dorofeev, Fedor"]
[Result "1/2-1/2"]
[WhiteElo "1905"]
[BlackElo "1511"]
[PlyCount "84"]
[EventDate "2018.11.18"]

1. e4 e5 2. Nf3 Nf6 3. Nxe5 d6 4. Nf3 Nxe4 5. Nc3 Nxc3 6. dxc3 Be7 7. Be3 Nc6
8. Qd2 Bf5 9. O-O-O Qd7 10. Nd4 Nxd4 11. Bxd4 O-O 12. f3 Qd8 13. g4 Be6 14. Kb1
Bf6 15. h4 Bxd4 16. Qxd4 Qf6 17. Qd3 a6 18. Bg2 Qf4 19. b3 d5 20. Qe2 c5 21. g5
Rad8 22. Qf2 b6 23. Bf1 a5 24. Bd3 Bf5 25. Bxf5 Qxf5 26. f4 Rfe8 27. h5 Re4 28.
Rh4 Rde8 29. Rd2 f6 30. gxf6 Qxf6 31. Rd3 a4 32. Qg3 axb3 33. axb3 Re1+ 34. Kb2
Qf7 35. Qf3 Qa7 36. Qxd5+ Kh8 37. Rd1 Rxd1 38. Qxd1 Ra8 39. c4 Qa3+ 40. Kc3
Qb4+ 41. Kb2 Qa3+ 42. Kc3 Qb4+ 1/2-1/2

[Event "Ïåðâåíñòâî Ìîñêâû "]
[Site "ÐœÐ¾Ñ�ÐºÐ²Ð°, ÐœÐ“Ð˜ÐœÐž Ð¿Ñ€."]
[Date "2018.11.24"]
[Round "8.19"]
[White "Listov, Tikhon"]
[Black "Bagdasarian, Roman"]
[Result "0-1"]
[WhiteElo "1243"]
[BlackElo "1413"]
[PlyCount "98"]
[EventDate "2018.11.18"]

1. e4 c5 2. Nf3 e6 3. d4 cxd4 4. Nxd4 a6 5. a3 Nf6 6. Nc3 Qc7 7. Be3 Nc6 8. Be2
b5 9. O-O Bb7 10. f3 Be7 11. Kh1 O-O 12. a4 b4 13. Na2 d5 14. exd5 Nxd5 15. Bf2
Rac8 16. Bd3 Bf6 17. Be4 Nxd4 18. Bxd4 Bxd4 19. Qxd4 Rfd8 20. Bxd5 Bxd5 21.
Qxb4 Bxa2 22. Rxa2 Qxc2 23. h3 h6 24. Raa1 Rd2 25. Rg1 Qxb2 26. Qe4 Rxg2 27.
Rxg2 Qxa1+ 28. Kh2 Qc3 29. f4 a5 30. Qb7 Qc6 31. Qb2 Qc3 32. Qb7 Qc7 33. Qe4
Rb8 34. Rc2 Qb7 35. Qe5 Qb4 36. Rg2 g6 37. Rxg6+ fxg6 38. Qxe6+ Kg7 39. Qe5+
Kf7 40. Qc7+ Ke8 41. Qc6+ Kd8 42. Qf6+ Kc8 43. Qe6+ Kb7 44. Qd7+ Ka6 45. Qe6+
Qb6 46. Qc4+ Ka7 47. Qf7+ Rb7 48. Qc4 Qf2+ 49. Kh1 Rb1+ 0-1

[Event "Ïåðâåíñòâî Ìîñêâû "]
[Site "ÐœÐ¾Ñ�ÐºÐ²Ð°, ÐœÐ“Ð˜ÐœÐž Ð¿Ñ€."]
[Date "2018.11.24"]
[Round "8.20"]
[White "Nabatyan, Mikael"]
[Black "Kozlov, Kirill"]
[Result "1-0"]
[WhiteElo "1206"]
[BlackElo "1559"]
[PlyCount "57"]
[EventDate "2018.11.18"]

1. c4 d6 2. Nc3 g6 3. d4 f5 4. Nf3 Bg7 5. e4 Nf6 6. Bd3 fxe4 7. Nxe4 O-O 8. O-O
Nxe4 9. Bxe4 Nc6 10. Re1 Bg4 11. Be3 Rb8 12. h3 Bxf3 13. Bxf3 e5 14. Bd5+ Kh8
15. Bxc6 bxc6 16. dxe5 Bxe5 17. Bd4 Qf6 18. Bxe5 dxe5 19. Qe2 e4 20. b3 Rbe8
21. Rad1 Rf7 22. Rd2 Rfe7 23. Qe3 a6 24. Red1 Re6 25. Rd7 Rd6 26. R1xd6 cxd6
27. Qh6 Qa1+ 28. Kh2 Qe5+ 29. g3 1-0

[Event "Ïåðâåíñòâî Ìîñêâû "]
[Site "ÐœÐ¾Ñ�ÐºÐ²Ð°, ÐœÐ“Ð˜ÐœÐž Ð¿Ñ€."]
[Date "2018.11.24"]
[Round "8.21"]
[White "Korshunov, Sergey A"]
[Black "Sednev, Aleksey N"]
[Result "0-1"]
[WhiteElo "1229"]
[BlackElo "1293"]
[PlyCount "42"]
[EventDate "2018.11.18"]

1. d4 d5 2. c4 dxc4 3. e3 e5 4. Bxc4 exd4 5. exd4 Nf6 6. Nc3 Bd6 7. Nf3 O-O 8.
O-O Bg4 9. h3 Bh5 10. Be2 Nc6 11. Kh1 Re8 12. Rg1 Qd7 13. Bb5 a6 14. Ba4 b5 15.
Bc2 Nb4 16. Bb3 a5 17. a3 a4 18. axb4 Bxb4 19. g4 Nxg4 20. Ne5 Nxe5 21. dxe5
Qxh3# 0-1

[Event "Ïåðâåíñòâî Ìîñêâû "]
[Site "ÐœÐ¾Ñ�ÐºÐ²Ð°, ÐœÐ“Ð˜ÐœÐž Ð¿Ñ€."]
[Date "2018.11.24"]
[Round "8.22"]
[White "Fedorov, Georgy"]
[Black "Davidyan, Vladimir"]
[Result "1-0"]
[WhiteElo "1313"]
[BlackElo "1309"]
[PlyCount "76"]
[EventDate "2018.11.18"]

1. d4 d5 2. Nf3 Nf6 3. e3 c5 4. b3 Nc6 5. Bb2 Bg4 6. Be2 e6 7. Nbd2 cxd4 8.
exd4 Bd6 9. Ne5 Bxe2 10. Qxe2 Bxe5 11. dxe5 Nd7 12. O-O O-O 13. f4 Rc8 14. c3
Re8 15. Nf3 Nb6 16. Qd3 Qc7 17. Ng5 g6 18. Qh3 h5 19. g4 Kg7 20. Qg2 hxg4 21.
Qxg4 Ne7 22. Rf3 Qc5+ 23. Kh1 Nf5 24. Rg1 Rh8 25. Nxe6+ fxe6 26. Qxg6+ Kf8 27.
Qf6+ Ke8 28. Qxh8+ Kd7 29. Qh7+ Qe7 30. Qxe7+ Kxe7 31. h4 Rh8 32. Rh3 Kf7 33.
h5 Nh6 34. Bc1 Nf5 35. Be3 Nxe3 36. Rxe3 Rxh5+ 37. Kg2 Rh8 38. Rd1 Rc8 {
çàïèñü íå ÿñíà} 1-0

[Event "Ïåðâåíñòâî Ìîñêâû "]
[Site "ÐœÐ¾Ñ�ÐºÐ²Ð°, ÐœÐ“Ð˜ÐœÐž Ð¿Ñ€."]
[Date "2018.11.24"]
[Round "8.23"]
[White "Denisov, Mikhail"]
[Black "Pankin, Pavel"]
[Result "0-1"]
[WhiteElo "1394"]
[BlackElo "1497"]
[PlyCount "126"]
[EventDate "2018.11.18"]

1. e4 e5 2. Nf3 Nc6 3. Bb5 a6 4. Bxc6 dxc6 5. O-O Bg4 6. h3 h5 7. d3 Bxf3 8.
Qxf3 Qd7 9. Nd2 f6 10. Rb1 O-O-O 11. b4 g5 12. Qe3 Kb8 13. Rd1 Ne7 14. Nf1 Bh6
15. Qe2 g4 16. h4 Bxc1 17. Rdxc1 f5 18. exf5 Nxf5 19. g3 Nd4 20. Qe4 Nf3+ 21.
Kg2 Qf7 22. Rb2 Rd4 23. Qe2 Qd5 24. Ne3 Nxh4+ 25. Kg1 Nf3+ 26. Kf1 Qd7 27. Ng2
Qd6 28. a3 h4 29. Ne1 Nxe1 30. Rxe1 hxg3 31. Qxe5 Rh1+ 32. Kg2 Rxe1 33. Qxe1
Qd5+ 34. Kg1 g2 35. Qe8+ Ka7 36. Qe3 b6 37. c4 Qh5 38. Kxg2 Rd7 39. Rb1 Rf7 40.
Rh1 Qg6 41. Rh6 Qg7 42. Rxc6 Rf3 43. Qe6 Rxd3 44. c5 g3 45. cxb6+ cxb6 46. Qe4
gxf2+ 47. Rg6 f1=Q+ 48. Kxf1 Qa1+ 49. Ke2 Qd1+ 50. Kf2 Qc2+ 51. Qe2 Rd2 52.
Rg7+ Kb8 53. Rg8+ Kc7 54. Rg7+ Kc6 55. Rg6+ Kd5 56. Rg5+ Kd4 57. Rg4+ Kc3 58.
Rc4+ Kb2 59. Rxc2+ Rxc2 60. Qxc2+ Kxc2 61. Ke2 Kb3 62. Kd3 Kxa3 63. Kc3 b5 0-1

[Event "Ïåðâåíñòâî Ìîñêâû "]
[Site "ÐœÐ¾Ñ�ÐºÐ²Ð°, ÐœÐ“Ð˜ÐœÐž Ð¿Ñ€."]
[Date "2018.11.24"]
[Round "8.24"]
[White "Kalita, Daniil"]
[Black "Solozhenkin, Sevastyan"]
[Result "0-1"]
[WhiteElo "1597"]
[BlackElo "1533"]
[PlyCount "85"]
[EventDate "2018.11.18"]

1. e4 e6 2. d4 d5 3. e5 c5 4. c3 Qb6 5. Nf3 Nc6 6. Bd3 Bd7 7. Bc2 cxd4 8. cxd4
Nb4 9. Nc3 Nxc2+ 10. Qxc2 Qa6 11. Qe2 Qxe2+ 12. Kxe2 b5 13. a3 a5 14. Bd2 Rc8
15. Rac1 Ne7 16. b4 a4 17. Kd1 Rb8 18. Kc2 Nc8 19. Be3 Nb6 20. Nd2 Rc8 21. Kb2
f6 22. f4 Be7 23. g4 Kf7 24. h4 h5 25. exf6 Bxf6 26. Ne2 hxg4 27. h5 Rxc1 28.
Kxc1 Nc4 29. Nxc4 dxc4 30. Ng3 Bc6 31. Rh2 Rd8 32. Kc2 Bxd4 33. Bd2 Bg1 34. Re2
Rd3 35. Ne4 Bxe4 36. Rxe4 g3 37. f5 exf5 38. Rf4 Kf6 39. h6 gxh6 40. Rh4 Be3
41. Bxe3 Rxe3 42. Rxh6+ Kg5 43. Rc6 0-1

[Event "Ïåðâåíñòâî Ìîñêâû"]
[Site "ÐœÐ¾Ñ�ÐºÐ²Ð°, ÐœÐ“Ð˜ÐœÐž Ð¿Ñ€."]
[Date "2018.11.25"]
[Round "9.1"]
[White "Vasilyev, Alexey"]
[Black "Knjazev, Artem"]
[Result "1-0"]
[WhiteElo "1995"]
[BlackElo "1829"]
[PlyCount "135"]
[EventDate "2018.11.18"]

1. e4 c5 2. Nf3 e6 3. d4 cxd4 4. Nxd4 Nf6 5. Nc3 d6 6. Be3 a6 7. Be2 Be7 8. O-O
O-O 9. a4 Bd7 10. a5 Nc6 11. Nb3 Ne5 12. f4 Ng6 13. Bd3 Bc6 14. Qe2 Nd7 15. Nd4
Rc8 16. Nxc6 Rxc6 17. Qd2 Bf6 18. e5 dxe5 19. f5 exf5 20. Bxf5 Nc5 21. Qf2 Be7
22. Rad1 Qb8 23. Nd5 Bd6 24. Nb4 Ne4 25. Bxe4 Bxb4 26. Bxc6 bxc6 27. c3 Be7 28.
b4 Bf6 29. Qf3 Qb5 30. Qe4 Nf4 31. Bxf4 exf4 32. Qxf4 h6 33. Rf3 Re8 34. Rdf1
Qe2 35. Qg3 Kh8 36. Qf2 Qe6 37. Kh1 Qc4 38. h3 Re6 39. Re1 Rd6 40. Kh2 Bh4 41.
Qe2 Qd5 42. Qe8+ Kh7 43. Qe4+ Qxe4 44. Rxe4 Bf6 45. g4 Kg6 46. Kg3 Rd2 47. h4
Kh7 48. h5 Rd6 49. Kf2 Rd2+ 50. Ke1 Rd6 51. Ke2 Rd5 52. Rd3 Rb5 53. Rc4 Re5+
54. Re3 Rg5 55. Kf3 g6 56. hxg6+ fxg6 57. Rxc6 Bg7 58. Rxa6 h5 59. Ra7 hxg4+
60. Kf4 Rb5 61. Ree7 g5+ 62. Kxg4 Kh8 63. Rxg7 Rxb4+ 64. Kh5 Rb8 65. Kh6 g4 66.
Rh7+ Kg8 67. Rag7+ Kf8 68. Rh8# 1-0

[Event "Ïåðâåíñòâî Ìîñêâû"]
[Site "ÐœÐ¾Ñ�ÐºÐ²Ð°, ÐœÐ“Ð˜ÐœÐž Ð¿Ñ€."]
[Date "2018.11.25"]
[Round "9.2"]
[White "Arbuzov, Timofey"]
[Black "Mishuris, Matvey"]
[Result "0-1"]
[WhiteElo "1789"]
[BlackElo "1997"]
[PlyCount "78"]
[EventDate "2018.11.18"]

1. e4 c5 2. Nf3 e6 3. d4 cxd4 4. Nxd4 Nf6 5. Nc3 d6 6. f4 a6 7. Qf3 Qc7 8. Be3
Be7 9. O-O-O Nc6 10. g4 Nxd4 11. Bxd4 e5 12. fxe5 dxe5 13. Qg3 Bd6 14. Be3 O-O
15. g5 Nd7 16. Nd5 Qb8 17. Bh3 Nc5 18. Bf5 Bxf5 19. exf5 Nd7 20. Qh3 Rd8 21.
Rhg1 Nf8 22. Rg4 Qc8 23. Rdg1 Qxf5 24. Rf1 Qe6 25. Qg2 Rac8 26. Kb1 Bc5 27.
Bxc5 Rxc5 28. Nc3 Rd4 29. Rxd4 exd4 30. Ne2 Re5 31. Re1 Ng6 32. Qf2 Re3 33. b3
Re4 34. Kb2 Qe7 35. Qf3 Re3 36. Qg4 Re4 37. Qf3 a5 38. h3 a4 39. Qg2 Nf4 0-1

[Event "Ïåðâåíñòâî Ìîñêâû"]
[Site "ÐœÐ¾Ñ�ÐºÐ²Ð°, ÐœÐ“Ð˜ÐœÐž Ð¿Ñ€."]
[Date "2018.11.25"]
[Round "9.3"]
[White "Kirushin, Ivan"]
[Black "Timofeev, Lev"]
[Result "1-0"]
[WhiteElo "1801"]
[BlackElo "1802"]
[PlyCount "113"]
[EventDate "2018.11.18"]

1. e4 e5 2. Nf3 Nc6 3. Bb5 a6 4. Ba4 d6 5. O-O Bd7 6. d4 g6 7. Bxc6 Bxc6 8.
dxe5 dxe5 9. Nxe5 Bxe4 10. Qe2 Qd5 11. Nxf7 Kxf7 12. Nc3 Qc6 13. Qxe4 Qxe4 14.
Nxe4 Bg7 15. Ng5+ Kf6 16. Re1 h6 17. Nf3 Ne7 18. Bf4 Kf7 19. Be5 Rhe8 20. Bxg7
Kxg7 21. Rad1 Kf6 22. Rd7 Rac8 23. Kf1 b5 24. Ne5 Nf5 25. f4 Nd6 26. g3 h5 27.
Rh7 Kf5 28. Nc6 Rxe1+ 29. Kxe1 Kf6 30. Nb4 Ne8 31. Nd5+ Ke6 32. Ne3 Kf6 33. f5
gxf5 34. Rxh5 Nd6 35. Nd5+ Kg6 36. Nf4+ Kg7 37. Rg5+ Kf6 38. h4 Re8+ 39. Kf1
Ke5 40. Nh3 Kf6 41. Nf4 Ke5 42. Rg7 Ne4 43. Kg2 c5 44. h5 Rd8 45. h6 Rd2+ 46.
Kf3 Rh2 47. Ng6+ Kf6 48. Nh4 Nd2+ 49. Kf4 Re2 50. Rg6+ Kf7 51. Kxf5 Rf2+ 52.
Kg4 Re2 53. h7 Re8 54. Kh5 Ne4 55. Kh6 Nf6 56. Rxf6+ Kxf6 57. Ng6 1-0

[Event "Ïåðâåíñòâî Ìîñêâû"]
[Site "ÐœÐ¾Ñ�ÐºÐ²Ð°, ÐœÐ“Ð˜ÐœÐž Ð¿Ñ€."]
[Date "2018.11.25"]
[Round "9.4"]
[White "Tarasov, Danila"]
[Black "Titov, Alexander"]
[Result "1/2-1/2"]
[WhiteElo "1852"]
[BlackElo "1922"]
[PlyCount "80"]
[EventDate "2018.11.18"]

1. e4 e6 2. d4 d5 3. Nc3 Nf6 4. e5 Nfd7 5. Nce2 c5 6. c3 Nc6 7. Nf3 Be7 8. a3
c4 9. Nf4 b5 10. h4 Rb8 11. g4 Na5 12. Be3 Nb3 13. Rb1 a5 14. Bd3 b4 15. axb4
axb4 16. Bc2 Qa5 17. cxb4 Qxb4+ 18. Kf1 Nb6 19. Kg2 Bd7 20. g5 Kd8 21. h5 h6
22. g6 f5 23. exf6 Bxf6 24. Nh2 Rf8 25. Ng4 Qd6 26. Bxb3 cxb3 27. Nd3 Nc4 28.
Bf4 e5 29. Ngxe5 Bxe5 30. Bxe5 Qe7 31. Bxb8 Ne3+ 32. fxe3 Qe4+ 33. Kh2 Qh4+ 34.
Kg2 Qe4+ 35. Kh2 Qh4+ 36. Kg2 Qe4+ 37. Kh2 Qh4+ 38. Kg2 Qe4+ 39. Kh2 Qh4+ 40.
Kg2 Qe4+ 1/2-1/2

[Event "Ïåðâåíñòâî Ìîñêâû"]
[Site "ÐœÐ¾Ñ�ÐºÐ²Ð°, ÐœÐ“Ð˜ÐœÐž Ð¿Ñ€."]
[Date "2018.11.25"]
[Round "9.5"]
[White "Kim, Andrey"]
[Black "Baituganov, Vyacheslav"]
[Result "1-0"]
[WhiteElo "1913"]
[BlackElo "1677"]
[PlyCount "89"]
[EventDate "2018.11.18"]

1. d4 d5 2. c4 c6 3. Nc3 dxc4 4. e3 b5 5. a4 b4 6. Ne4 Qd5 7. Nd2 c3 8. Ndf3
cxb2 9. Bxb2 a5 10. Ne5 e6 11. Ngf3 Ba6 12. Bxa6 Rxa6 13. O-O Be7 14. Qe2 Nf6
15. Ng5 O-O 16. e4 Qd8 17. Qf3 Qe8 18. Qd3 h6 19. Nh3 Qc8 20. f4 Qb7 21. f5 c5
22. fxe6 fxe6 23. Ng6 Re8 24. Nxe7+ Rxe7 25. dxc5 Qxe4 26. Qg3 Nbd7 27. Rxf6
Nxf6 28. Bxf6 Rf7 29. Be5 Rc6 30. Nf2 Qe2 31. Ng4 Qd2 32. Nf6+ Kf8 33. Ne4 Qe2
34. Re1 Qc4 35. Qh4 Qd3 36. Nd6 Rd7 37. Rf1+ Kg8 38. Qf2 Qd5 39. Bd4 e5 40.
Qf8+ Kh7 41. Qf5+ Kh8 42. Qxd7 Qxd4+ 43. Kh1 Qd3 44. Nf7+ Kh7 45. Qxd3+ 1-0

[Event "Ïåðâåíñòâî Ìîñêâû"]
[Site "ÐœÐ¾Ñ�ÐºÐ²Ð°, ÐœÐ“Ð˜ÐœÐž Ð¿Ñ€."]
[Date "2018.11.25"]
[Round "9.6"]
[White "Sakovich, Luka"]
[Black "Gerasimov, Vadim"]
[Result "1-0"]
[WhiteElo "1745"]
[BlackElo "1836"]
[PlyCount "34"]
[EventDate "2018.11.18"]

1. e4 c5 2. Nf3 Nc6 3. d4 cxd4 4. Nxd4 Nf6 5. Nc3 d6 6. f3 g6 7. Be3 Bg7 8. Qd2
O-O 9. g4 Ne5 10. O-O-O Bd7 11. h4 h5 12. gxh5 Nxh5 13. Bh6 Rc8 14. Bxg7 Kxg7
15. Rg1 Qa5 16. f4 Rxc3 17. fxe5 dxe5 {çàïèñü íå ÿñíà} 1-0

[Event "Ïåðâåíñòâî Ìîñêâû"]
[Site "ÐœÐ¾Ñ�ÐºÐ²Ð°, ÐœÐ“Ð˜ÐœÐž Ð¿Ñ€."]
[Date "2018.11.25"]
[Round "9.7"]
[White "Fridman, Roman A"]
[Black "Rostovtsev, Dmitry"]
[Result "0-1"]
[WhiteElo "1705"]
[BlackElo "1321"]
[PlyCount "80"]
[EventDate "2018.11.18"]

1. e4 e5 2. Nf3 Nf6 3. Nxe5 d6 4. Nf3 Nxe4 5. d4 d5 6. Bd3 Bd6 7. O-O O-O 8.
Nbd2 Re8 9. h3 Bf5 10. Re1 Nd7 11. Nb3 c6 12. Be3 b5 13. Nfd2 Bg6 14. Nxe4 dxe4
15. Bf1 f5 16. Qd2 Qc7 17. g3 Bf7 18. Nc1 Nb6 19. Ne2 Nc4 20. Qc1 Nxe3 21. Qxe3
h6 22. Bg2 g5 23. f4 gxf4 24. Nxf4 Bxf4 25. gxf4 Kh7 26. Kh2 Rg8 27. Bf1 Rad8
28. Be2 Rxd4 29. Rad1 Rdd8 30. a3 a6 31. Rf1 c5 32. Rxd8 Rxd8 33. Rg1 Rg8 34.
Rd1 Qe7 35. Qd2 Qf6 36. Qd7 Qg6 37. Bg4 fxg4 38. Rd6 Qh5 39. Rf6 Rg7 40. Qd6
gxh3 0-1

[Event "Ïåðâåíñòâî Ìîñêâû"]
[Site "ÐœÐ¾Ñ�ÐºÐ²Ð°, ÐœÐ“Ð˜ÐœÐž Ð¿Ñ€."]
[Date "2018.11.25"]
[Round "9.8"]
[White "Kurus, Artem"]
[Black "Kushnarenko, Egor"]
[Result "1-0"]
[WhiteElo "1800"]
[BlackElo "1722"]
[PlyCount "52"]
[EventDate "2018.11.18"]

1. d4 d5 2. c4 c6 3. cxd5 cxd5 4. Nc3 Nf6 5. Bf4 Nc6 6. e3 g6 7. Nf3 Nh5 8. Bg5
Be6 9. Bb5 Bg7 10. Bxc6+ bxc6 11. O-O O-O 12. Na4 Rb8 13. Rc1 f6 14. Bh4 Bd7
15. Nd2 f5 16. f4 Re8 17. Nb3 Qc7 18. Qd3 Bf6 19. Bxf6 exf6 20. Nac5 Bc8 21.
Rc3 Rd8 22. Rfc1 Rd6 23. Qc2 Rb5 24. Nd3 Bd7 25. Ndc5 Be8 26. a4 Rb6 {
çàïèñü íå ÿñíà} 1-0

[Event "Ïåðâåíñòâî Ìîñêâû"]
[Site "ÐœÐ¾Ñ�ÐºÐ²Ð°, ÐœÐ“Ð˜ÐœÐž Ð¿Ñ€."]
[Date "2018.11.25"]
[Round "9.10"]
[White "Larichev, Prokhor"]
[Black "Saikin, Ilia"]
[Result "1/2-1/2"]
[WhiteElo "1848"]
[BlackElo "1657"]
[PlyCount "70"]
[EventDate "2018.11.18"]

1. e4 e5 2. Nf3 Nf6 3. Nxe5 d6 4. Nf3 Nxe4 5. Nc3 Nxc3 6. dxc3 Be7 7. Bf4 O-O
8. Qd2 a5 9. O-O-O Be6 10. Kb1 Nc6 11. Bd3 Bf6 12. h4 Ne5 13. Ng5 Nxd3 14. Qxd3
g6 15. Nxe6 fxe6 16. Bg3 Qe7 17. h5 Qg7 18. Rde1 e5 19. Re4 g5 20. Rg4 Qd7 21.
f3 Kh8 22. Bf2 h6 23. c4 Bg7 24. Be3 a4 25. a3 Rad8 26. Rd1 Qf7 27. Rg3 Rd7 28.
Qe4 c5 29. Qg4 b6 30. Qe4 Rfd8 31. Rd5 Rb8 32. Rd1 Rbd8 33. Rd5 Rb8 34. Rd1
Rbd8 35. Rd5 Rb8 1/2-1/2

[Event "Ïåðâåíñòâî Ìîñêâû"]
[Site "ÐœÐ¾Ñ�ÐºÐ²Ð°, ÐœÐ“Ð˜ÐœÐž Ð¿Ñ€."]
[Date "2018.11.25"]
[Round "9.11"]
[White "Nasyrov, Anton"]
[Black "Shirokikh, Ivan"]
[Result "1-0"]
[WhiteElo "1738"]
[BlackElo "1473"]
[PlyCount "83"]
[EventDate "2018.11.18"]

1. e4 e6 2. d4 d5 3. exd5 exd5 4. c4 Nf6 5. Nc3 Be6 6. c5 b6 7. cxb6 axb6 8.
Nf3 Bb4 9. Bd3 O-O 10. O-O c5 11. Be3 c4 12. Bc2 Bxc3 13. bxc3 Nbd7 14. Qd2 Ra3
15. Bf4 Qe7 16. Rfe1 Rfa8 17. Ng5 Nf8 18. h3 g6 19. Bb1 Nh5 20. Bh2 f6 21. Nxe6
Nxe6 22. Qb2 Nhg7 23. Qxb6 Rxc3 24. Bd6 Qd7 25. Qb2 Qxd6 26. Qxc3 Ra3 27. Qd2
c3 28. Qd1 Qb4 29. Bc2 Nxd4 30. Rb1 Qc5 31. Rb8+ Kf7 32. Rb7+ Kf8 33. Ree7 Nde6
34. Rf7+ Kg8 35. Rxf6 Ra8 36. Qe1 Nd4 37. Rff7 Nh5 38. Rxh7 Nf4 39. Rbg7+ Kf8
40. Rh8+ Kxg7 41. Qe5+ Kf7 42. Rh7+ 1-0

[Event "Ïåðâåíñòâî Ìîñêâû"]
[Site "ÐœÐ¾Ñ�ÐºÐ²Ð°, ÐœÐ“Ð˜ÐœÐž Ð¿Ñ€."]
[Date "2018.11.25"]
[Round "9.12"]
[White "Kireev, Igor"]
[Black "Ivanov, Artem T"]
[Result "1/2-1/2"]
[WhiteElo "1675"]
[BlackElo "1850"]
[PlyCount "83"]
[EventDate "2018.11.18"]

1. e4 e5 2. Nf3 Nc6 3. Bc4 Nf6 4. d3 Bc5 5. c3 O-O 6. b4 Bb6 7. O-O a6 8. Bg5
h6 9. Bh4 d6 10. a4 Be6 11. Nbd2 Ne7 12. a5 Ba7 13. Bxf6 gxf6 14. Nh4 Bxc4 15.
Nxc4 Kh7 16. Ne3 Rg8 17. Qh5 Qf8 18. Kh1 Rg5 19. Qe2 Ng6 20. Nhf5 Nf4 21. Qd2
Bxe3 22. fxe3 Ne6 23. Rf3 Rd8 24. Rh3 Rg6 25. Rf1 Ng5 26. Rh5 Ne6 27. Rf3 Ng5
28. Rg3 d5 29. h4 dxe4 30. hxg5 Rxd3 31. Qe2 fxg5 32. Rgh3 Rdd6 33. Nxd6 Qxd6
34. Qc2 Qd3 35. Qxd3 exd3 36. Rf3 Rd6 37. Rf1 Kg6 38. Rh3 d2 39. Rd1 g4 40. Rh2
g3 41. Rh3 Kf5 42. Rxg3 1/2-1/2

[Event "Ïåðâåíñòâî Ìîñêâû"]
[Site "ÐœÐ¾Ñ�ÐºÐ²Ð°, ÐœÐ“Ð˜ÐœÐž Ð¿Ñ€."]
[Date "2018.11.25"]
[Round "9.13"]
[White "Rustamov, Sezqin"]
[Black "Matevosyan, Matevos"]
[Result "1/2-1/2"]
[WhiteElo "1638"]
[BlackElo "1499"]
[PlyCount "86"]
[EventDate "2018.11.18"]

1. d4 Nf6 2. c4 g6 3. Nc3 d5 4. cxd5 Nxd5 5. e4 Nxc3 6. bxc3 Bg7 7. Nf3 O-O 8.
Bc4 c5 9. O-O Nc6 10. Be3 Bg4 11. dxc5 Bxf3 12. Qxf3 Qa5 13. Bb3 Bxc3 14. Rad1
e6 15. Qg3 Rad8 16. Bh6 Bg7 17. Bxg7 Kxg7 18. Qe3 Ne5 19. h3 Rc8 20. f4 Nc6 21.
f5 Ne5 22. fxe6 Qxc5 23. Qxc5 Rxc5 24. exf7 Rc7 25. Rc1 Re7 26. Rc2 b5 27. Bd5
a6 28. g4 g5 29. Rf5 h6 30. Rc3 Rd8 31. Ra3 Nxf7 32. Bxf7 Rxf7 33. Rxa6 Re8 34.
Rxb5 Rxe4 35. Rb1 Re3 36. Rb3 Rxb3 37. axb3 Rf3 38. b4 Rxh3 39. Kg2 Rb3 40. Rb6
Kf7 41. b5 Ke7 42. Rxh6 Rxb5 43. Kf3 Re5 1/2-1/2

[Event "Ïåðâåíñòâî Ìîñêâû"]
[Site "ÐœÐ¾Ñ�ÐºÐ²Ð°, ÐœÐ“Ð˜ÐœÐž Ð¿Ñ€."]
[Date "2018.11.25"]
[Round "9.14"]
[White "Boger, Juri"]
[Black "Ochirov, Lidzhi"]
[Result "0-1"]
[WhiteElo "1672"]
[BlackElo "1661"]
[PlyCount "82"]
[EventDate "2018.11.18"]

1. e4 d6 2. d4 Nf6 3. Nc3 Nbd7 4. f3 e5 5. d5 Be7 6. Be3 O-O 7. g4 Ne8 8. Qd2
Bh4+ 9. Bf2 c5 10. Bxh4 Qxh4+ 11. Qf2 Qxf2+ 12. Kxf2 a6 13. Nge2 b5 14. Ng3 g6
15. h4 Nb6 16. Be2 Nc7 17. Rag1 f6 18. Nd1 Bd7 19. Ne3 Kf7 20. b3 b4 21. h5 Rh8
22. h6 Bb5 23. Nc4 Bxc4 24. Bxc4 Nb5 25. Ne2 Nxc4 26. bxc4 Na3 27. f4 Nxc2 28.
Rc1 Na3 29. g5 Rhf8 30. Ke3 Ke7 31. Kd3 a5 32. Rhf1 a4 33. fxe5 fxe5 34. Ng3
Rab8 35. Rxf8 Rxf8 36. Rf1 b3 37. Rxf8 Kxf8 38. axb3 axb3 39. Kc3 Nxc4 40. Kxb3
Nd2+ 41. Kc3 Nf3 0-1

[Event "Ïåðâåíñòâî Ìîñêâû"]
[Site "ÐœÐ¾Ñ�ÐºÐ²Ð°, ÐœÐ“Ð˜ÐœÐž Ð¿Ñ€."]
[Date "2018.11.25"]
[Round "9.15"]
[White "Makshanov, Matvey"]
[Black "Karlov, Egor"]
[Result "1/2-1/2"]
[WhiteElo "1555"]
[BlackElo "1685"]
[PlyCount "144"]
[EventDate "2018.11.18"]

1. e4 e6 2. d4 d5 3. Nc3 Bb4 4. exd5 exd5 5. Bd3 c6 6. Nf3 Nf6 7. O-O O-O 8.
Bf4 Bg4 9. h3 Bh5 10. Re1 c5 11. dxc5 d4 12. a3 Bxc5 13. Ne4 Nxe4 14. Bxe4 Nc6
15. Qd3 h6 16. Ne5 Nxe5 17. Bxe5 Qd7 18. g4 f6 19. gxh5 fxe5 20. Qc4+ Kh8 21.
Qxc5 Qf7 22. Qxe5 Qxf2+ 23. Kh1 Rae8 24. Qh2 Qh4 25. Qg2 Rf4 26. Kg1 Rfxe4 27.
Rxe4 Rxe4 28. Rf1 Re1 29. Rxe1 Qxe1+ 30. Qf1 Qe3+ 31. Kh1 Qe4+ 32. Kg1 Qxc2 33.
Qf8+ Kh7 34. Qf2 Qe4 35. Kf1 Qh1+ 36. Ke2 Qxh3 37. Qxd4 Qxh5+ 38. Kd2 Qg5+ 39.
Kc2 Qf5+ 40. Kb3 Qe6+ 41. Kc2 Qg6+ 42. Kb3 a6 43. Qb4 b5 44. Ka2 Qc2 45. Qa5
Qa4 46. Qd2 Qe4 47. Qa5 Qe6+ 48. Ka1 h5 49. Qb4 Qg4 50. Qd6 Qg6 51. Qd4 Qf5 52.
Ka2 a5 53. Qb6 Qd5+ 54. Ka1 a4 55. Qf2 Qd1+ 56. Ka2 Qd3 57. Qe1 Qc2 58. Ka1 Qf5
59. Qg3 Qf1+ 60. Ka2 Qc4+ 61. Ka1 Qe4 62. Qb8 Qd5 63. Qf4 Qd1+ 64. Ka2 Qg4 65.
Qe5 h4 66. Qxb5 h3 67. Qd3+ Kh6 68. Qd6+ Kh5 69. Qe5+ g5 70. Qh8+ Kg6 71. Qg8+
Kf6 72. Qd8+ Ke5 1/2-1/2

[Event "Ïåðâåíñòâî Ìîñêâû"]
[Site "ÐœÐ¾Ñ�ÐºÐ²Ð°, ÐœÐ“Ð˜ÐœÐž Ð¿Ñ€."]
[Date "2018.11.25"]
[Round "9.16"]
[White "Gubanov, Timofey"]
[Black "Nabatyan, Mikael"]
[Result "1-0"]
[WhiteElo "1666"]
[BlackElo "1206"]
[PlyCount "50"]
[EventDate "2018.11.18"]

1. d4 c5 2. d5 e5 3. c4 d6 4. Nc3 Be7 5. e4 Nf6 6. Nf3 Nbd7 7. Be2 O-O 8. O-O
Ne8 9. Ne1 g6 10. Nd3 Ng7 11. f4 f6 12. Bg4 f5 13. Bh3 Bf6 14. exf5 Nxf5 15.
Bxf5 gxf5 16. Nb5 e4 17. Nf2 Nb6 18. Qe2 a6 19. Na3 Kh8 20. Nc2 Rg8 21. Bd2
Bxb2 22. Rab1 Na4 23. Rxb2 Nxb2 24. Bc3+ Rg7 25. Bxb2 Qg8 1-0

[Event "Ïåðâåíñòâî Ìîñêâû"]
[Site "ÐœÐ¾Ñ�ÐºÐ²Ð°, ÐœÐ“Ð˜ÐœÐž Ð¿Ñ€."]
[Date "2018.11.25"]
[Round "9.17"]
[White "Bagdasarian, Roman"]
[Black "Sednev, Aleksey N"]
[Result "1-0"]
[WhiteElo "1413"]
[BlackElo "1293"]
[PlyCount "65"]
[EventDate "2018.11.18"]

1. c4 e5 2. Nc3 Bb4 3. Nd5 Bc5 4. Nf3 d6 5. d4 exd4 6. b4 Bb6 7. Nxb6 axb6 8.
Qxd4 Nf6 9. Bg5 O-O 10. Bxf6 Qxf6 11. Qxf6 gxf6 12. e3 Nc6 13. b5 Nb4 14. Kd2
Bf5 15. Nd4 Bg6 16. a3 c5 17. Be2 cxd4 18. axb4 dxe3+ 19. Kxe3 Rfe8+ 20. Kd2
Rad8 21. Rhc1 d5 22. c5 bxc5 23. bxc5 d4 24. Bd3 Re5 25. Ra7 b6 26. cxb6 Bxd3
27. Kxd3 Rxb5 28. b7 Rb3+ 29. Kd2 Kg7 30. Ra8 Rf8 31. Rxf8 Rxb7 32. Rd8 Rb2+
33. Rc2 1-0

[Event "Ïåðâåíñòâî Ìîñêâû"]
[Site "ÐœÐ¾Ñ�ÐºÐ²Ð°, ÐœÐ“Ð˜ÐœÐž Ð¿Ñ€."]
[Date "2018.11.25"]
[Round "9.18"]
[White "Ratataev, Ilya"]
[Black "Vorontsov, Alexandr"]
[Result "0-1"]
[WhiteElo "1425"]
[BlackElo "1643"]
[PlyCount "59"]
[EventDate "2018.11.18"]

1. e4 e5 2. Nf3 Nc6 3. Bb5 Nf6 4. O-O d6 5. d4 exd4 6. Nxd4 Bd7 7. Nc3 Be7 8.
Re1 O-O 9. Bxc6 Bxc6 10. Nxc6 bxc6 11. Bg5 Nd7 12. Bxe7 Qxe7 13. f4 Rfe8 14.
Qf3 Rab8 15. b3 Qf6 16. a3 Nc5 17. g3 Qd4+ 18. Qe3 Qxe3+ 19. Rxe3 d5 20. Rd1
Nxe4 21. Nxe4 dxe4 22. Rd7 Rbc8 23. Rc3 Re6 24. Kf2 Kf8 25. Ke3 Ke8 26. Rd4 f5
27. Rc5 a6 28. Ra5 Ra8 29. Re5 Kf8 30. Rd7 {çàïèñüíå ÿñíà} 0-1

[Event "Ïåðâåíñòâî Ìîñêâû"]
[Site "ÐœÐ¾Ñ�ÐºÐ²Ð°, ÐœÐ“Ð˜ÐœÐž Ð¿Ñ€."]
[Date "2018.11.25"]
[Round "9.19"]
[White "Pankin, Pavel"]
[Black "Zurabian, Vage"]
[Result "0-1"]
[WhiteElo "1497"]
[BlackElo "1905"]
[PlyCount "57"]
[EventDate "2018.11.18"]

1. d4 d6 2. c4 e5 3. dxe5 dxe5 4. Qxd8+ Kxd8 5. a3 f6 6. Nc3 c6 7. e4 Be6 8.
Be3 Kc7 9. O-O-O Nd7 10. f3 Nh6 11. Kc2 a5 12. Be2 b6 13. Bxh6 gxh6 14. g4 Bc5
15. h4 Nf8 16. Nh3 Bd7 17. f4 Ne6 18. f5 Nd4+ 19. Kb1 Rhg8 20. Rhg1 Nxe2 21.
Nxe2 Bxg1 22. Rxg1 Be8 23. Kc2 b5 24. c5 Bf7 25. b3 a4 26. b4 Bb3+ 27. Kc3 Bc4
28. Nc1 Rad8 29. h5 {çàïèñü íå ÿñíà} 0-1